Analýza elektrických staníc

Guardado en:
Detalles Bibliográficos
Autor principal: Klimová, Zora (Autor)
Otros Autores: Cintula, Boris (Orientador)
Formato: Manuscrito Libro
Lenguaje:eslovaco
Publicado: Bratislava : STU v Bratislave FEI, 2025
Materias:
Acceso en línea:https://opac.crzp.sk/?fn=detailBiblioFormChildC11OV60&sid=BA75C2D62745AD5726E9959ED92F&seo=CRZP-detail-kniha
Etiquetas: Agregar Etiqueta
Sin Etiquetas, Sea el primero en etiquetar este registro!

MARC

LEADER 00000ntm a22000003a 4500
001 stuzp101831
003 SK-STU
005 20260203095037.1
007 ta
008 150427s2015----xo-----f-mn---000-0-slo-d
040 |a STU  |b slo 
041 0 |a slo 
044 |a xo 
100 1 |a Klimová, Zora  |u 032000  |4 aut  |U FEI Fakulta elektrotechniky a informatiky  |T FEI Ústav elektroenergetiky a aplikovanej elektrotechniky  |X 120669  |U E020  |Y 548  |7 120669 
242 0 1 |a Electrical Substations Analysis  |y eng 
245 1 0 |a Analýza elektrických staníc 
260 |a Bratislava :  |b STU v Bratislave FEI,  |c 2025 
300 |a 131 s. 
650 4 |a Schémy zapojenia  |2 slo 
650 4 |a Elektrická stanica  |2 slo 
650 4 |a Blokovacie podmienky  |2 slo 
650 4 |a Prípojnice  |2 slo 
650 4 |a Bus-bar  |2 eng 
650 4 |a Wiring diagram  |2 eng 
650 4 |a Blocking Conditions  |2 eng 
650 4 |a Electrical Substation  |2 eng 
700 1 |a Cintula, Boris  |u 032000  |k Z1  |4 ths  |U FEI Fakulta elektrotechniky a informatiky  |T FEI Ústav elektroenergetiky a aplikovanej elektrotechniky  |X 35350  |U E020  |Y 548  |7 A000035350 
856 4 |u https://opac.crzp.sk/?fn=detailBiblioFormChildC11OV60&sid=BA75C2D62745AD5726E9959ED92F&seo=CRZP-detail-kniha